Glee Episodes seasons 1-3 - Statistics

General Stats
  • This quiz has been taken 117 times
  • The average score is 30 of 66
Answer Stats
season episode name % Correct
1 Pilot
95%
Sectionals
77%
Nationals
70%
Acafellas
69%
Journey to Regionals
67%
New York
67%
Preggers
67%
Mash-Up
66%
Hell-O
62%
Goodbye
61%
Britney/Brittany
59%
2 Audition
57%
3 The Purple Piano Project
57%
Funk
54%
Asian F
52%
Duets
52%
Mattress
52%
Michael
52%
Showmance
52%
Vitamin D
52%
The Rocky Horror Glee Show
51%
Wheels
51%
Blame It on the Alcohol
49%
The Power of Madonna
49%
Furt
46%
Never Been Kissed
46%
On My Way
46%
Born This Way
44%
Funeral
44%
Laryngitis
44%
Original Song
44%
Prom Queen
44%
The Rhodes Not Taken
44%
Hairography
43%
Mash Off
43%
Props
43%
Ballad
41%
Prom-asaurus
41%
Rumours
41%
Bad Reputation
39%
Comeback
39%
Home
39%
Sexy
39%
Silly Love Songs
39%
Special Education
39%
I Kissed a Girl
38%
Pot O' Gold
38%
Saturday Night Glee-ver
38%
Dream On
36%
Heart
36%
The Substitute
36%
The Sue Sylvester Shuffle
36%
A Very Glee Christmas
34%
Dance with Somebody
34%
The First Time
34%
Throwdown
34%
Yes/No
34%
Choke
33%
The Spanish Teacher
33%
Hold on to Sixteen
31%
I Am Unicorn
31%
Big Brother
30%
A Night of Neglect
28%
Extraordinary Merry Christmas
23%
Grilled Chessus
13%
Theatrically
8%
No matching quizzes found
Score Distribution
Percent of People with Each Score
Percentile by Number Answered
Your Score History
You have not taken this quiz